|
|
|
|
| LEADER |
00000nab a2200000 a 4500 |
| 001 |
vtls000447569 |
| 003 |
SK-MaSNL |
| 005 |
20260303000315.0 |
| 008 |
120926c1992 xo 0 slo |
| 015 |
|
|
|a SNBRB19rr/mm-uuuuu
|
| 035 |
|
|
|a CL0447700
|
| 040 |
|
|
|a SNKBUCL
|b slo
|c SNKBUCL
|e AACR2
|
| 041 |
0 |
|
|a slo
|
| 044 |
|
|
|a xo
|c SK
|
| 080 |
|
|
|a 329.63(437)
|2 1981
|
| 100 |
1 |
|
|a Alexyová, Marianna
|4 aut
|9 515465
|
| 245 |
1 |
0 |
|a Politické strany iba sľubovali
|b Strana zdravotne postihnutých - v mene 680 000 ľudí
|c Marianna Alexyová
|
| 610 |
|
7 |
|a Strana zdravotne postihnutých (Slovensko)
|2 snkbucl
|9 974293
|
| 655 |
|
7 |
|a články z novín a časopisov
|2 snkbucl
|9 267496
|
| 773 |
0 |
|
|t Národná obroda
|g Roč. 3, č. 79 (2. 4. 1992), s. 1 a 13
|
| 850 |
|
|
|a Slovenská národná knižnica v Martine
|a MTA001
|
| 852 |
|
|
|a SNK
|b KIS3GCP
|
| 958 |
|
|
|a RK
|
| 992 |
|
|
|a RBX
|
| 999 |
|
|
|c 1558049
|d 1559979
|